|
|
|
|
| LEADER |
01402nam a22003614a 4500 |
| 001 |
35726 |
| 003 |
BD-DhAAL |
| 005 |
20211129152436.0 |
| 008 |
190919r20062004enka b 001 0 eng |
| 999 |
|
|
|c 41318
|d 41318
|
| 010 |
|
|
|a 2003106638
|z 2003115359
|
| 020 |
|
|
|a 0761974695
|
| 020 |
|
|
|a 0761974709 (pbk.)
|
| 020 |
|
|
|a 9780761974703
|
| 035 |
|
|
|a (DLC) 2003106638
|
| 040 |
|
|
|a DLC
|c DLC
|d DLC
|d BD-DhAAL
|
| 042 |
|
|
|a pcc
|
| 050 |
0 |
0 |
|a LC71
|b .O65 2004
|
| 082 |
0 |
0 |
|a 379
|2 22
|
| 100 |
1 |
|
|a Olssen, Mark.
|9 34900
|
| 245 |
1 |
0 |
|a Education policy :
|b globalization, citizenship and democracy /
|c Mark Olssen; John Codd and Anne-Marie O'Neill.
|
| 260 |
|
|
|a London ;
|a Thousand Oaks, Calif. :
|b Sage Publications,
|c 2004 [reprinted 2006]
|
| 300 |
|
|
|a x, 326 pages :
|b illustrations ;
|c 24 cm.
|
| 504 |
|
|
|a Includes bibliographical references (p. 282-314) and index.
|
| 526 |
|
|
|a BIED
|
| 541 |
|
|
|a Complimentary copy from BIED
|e 35726
|
| 650 |
|
0 |
|a Education and state.
|9 34901
|
| 650 |
|
0 |
|a Democracy and education.
|9 34902
|
| 700 |
1 |
|
|a Codd, John A.
|9 34903
|
| 700 |
1 |
|
|a O'Neill, Anne-Marie,
|d 1959-
|9 34904
|
| 852 |
|
|
|a Ayesha Abed Library
|c BIED Collection
|
| 942 |
|
|
|2 ddc
|c BK
|
| 952 |
|
|
|0 0
|1 0
|2 ddc
|4 0
|6 379_000000000000000_OLS
|7 0
|9 66409
|a BRACUL
|b BRACUL
|c GEN
|d 2019-09-19
|e Complimentary copy from BIED
|l 0
|o 379 OLS
|p 3010035726
|r 2019-09-19
|t 1
|w 2019-09-19
|y BK
|x Transferred from BIED to General Stacks
|